| 000 | 01429 a2200229 4500 | ||
|---|---|---|---|
| 001 | 62551 | ||
| 005 | 20260407155918.0 | ||
| 008 | 260407a1998 arg spa d | ||
| 003 | AR-UNSa-BCEJYS | ||
| 040 |
_aAR-UNSa-BCEJYS _bspa _cAR-UNSa-BCEJYS |
||
| 080 |
_a35.08 _xPersonal administrativo. Funcionarios. plantilla. función pública. Teoría, organización |
||
| 245 | 1 | 0 |
_aLa hora de la transparencia en América Latina _pEl manual de anticorrupción en la función pública |
| 020 | _a978-950-641-251-7 | ||
| 264 | 1 |
_aBuenos Aires : _bGranica _c1998 |
|
| 300 |
_a223 p. _c22 cm. |
||
| 505 | _a1. Visión contemporánea de la corrupción - 2. Elementos que contribuyen al desarrollo de la corrupción – 3. Los sistemas nacionales de integridad – 4. Reformas administrativas – 5. Derecho administrativo – 6. El defensor del pueblo – 7. El sistema judicial – 8. La Contraloría General (Entidades Superiores de Fiscalización – ESF) – 9. Oficinas independientes contra la corrupción – 10. Licitaciones y contratos: Los negocios entre el sector público y el privado – 11. El sector de las empresas privadas – 12. El proceso democrático – 13. La sociedad civil – 14. Corrupción y medios de comunicación – 15. Actores y mecanismos internacionales. | ||
| 041 | _aspa | ||
| 942 | _cBK | ||
| 590 | _aniveau_biblio:m niveau_hierar:0 | ||
| 100 | 1 | _aLozano, Juan | |
| 700 | 1 | _aMerino Dinari, Valeria | |
| 999 |
_c7694 _d7694 |
||